Slovenská štatistika a demografia vedecký časopis
| Médium: | Časopis |
|---|---|
| Jazyk: | slovenčina angličtina nemčina |
| Fyzický popis: | zv. 23 cm Online vydanie: Slovenská štatistika a demografia (Online) ISSN 1339-6854 |
| Vydavateľské údaje: |
Bratislava
Slovenský štatistický úrad
1991-
Bratislava Štatistický úrad Slovenskej republiky |
| ISSN: | 1210-1095 1339-6854 |
| Predmet: | |
| On-line prístup: | https://www7.statistics.sk |
MARC
| LEADER | 00000cas a2200000 a 4500 | ||
|---|---|---|---|
| 001 | vtls001479474 | ||
| 003 | SK-MaSNL | ||
| 005 | 20260504115616.0 | ||
| 008 | 040728c19919999xo qr|p 0 0b0slo | ||
| 022 | |a 1210-1095 | ||
| 035 | |a SNK000434772 | ||
| 035 | |a (SVKBB03)vtls000047248 | ||
| 040 | |a SNK |b slo |c SNK |d SVKBB |e AACR2 | ||
| 041 | 0 | |a slo |a eng |a ger |b eng |b slo | |
| 043 | |a e-xo--- | ||
| 044 | |a xo |c SK | ||
| 072 | 7 | |a 311 |x Štatistika |2 konspekt | |
| 072 | 7 | |a 314 |x Demografia. Populácia |2 konspekt | |
| 080 | |a 311 |2 2011 | ||
| 080 | |a 314 |2 2011 | ||
| 080 | |a (437.6) |2 2011 | ||
| 080 | |a 050 |2 2011 | ||
| 080 | |a 001(051) |2 2011 | ||
| 210 | 0 | |a Slov. štat. demogr. | |
| 222 | 0 | |a Slovenská štatistika a demografia | |
| 245 | 0 | 0 | |a Slovenská štatistika a demografia |b vedecký časopis |
| 246 | 1 | 1 | |a Slovak statistics and demography |b scientific journal |
| 260 | |a Bratislava |b Slovenský štatistický úrad |c 1991- | ||
| 260 | 3 | |3 1997- |a Bratislava |b Štatistický úrad Slovenskej republiky | |
| 300 | |a zv. |c 23 cm | ||
| 310 | |a 4x ročne | ||
| 362 | 0 | |a Roč. 1, č. 0 (1991)- | |
| 500 | |a Registračné č.: MK SR 238/90 ; EV 272/08 | ||
| 500 | |a Menný register článkov roč. 1 (1991) - roč. 11 (2001) je v č. 1/2003 | ||
| 500 | |a Menný register článkov roč. 1 (1991) - roč. 19 (2009) je v č. 1/2010 | ||
| 500 | |a Menný register článkov roč. 1 (1991) - roč. 21 (2011) je v č. 1/2012 | ||
| 504 | |a Bibliogr. ; bibliogr. pozn. | ||
| 530 | |a Online vydanie: Slovenská štatistika a demografia (Online) ISSN 1339-6854 | ||
| 546 | |a Text aj v angl., nem. ; res. slov., angl. | ||
| 650 | 0 | 7 | |a štatistika |2 SNKPH |9 778 |
| 650 | 0 | 7 | |a demografia |2 SNKPH |9 3827 |
| 651 | 7 | |a Slovensko |2 SNKPHgeo |9 14231 | |
| 655 | |a vedecké časopisy |2 SNKPH |9 70520 | ||
| 776 | 0 | |t Slovenská štatistika a demografia (Online) |x 1339-6854 | |
| 852 | |a Štátna vedecká knižnica v Banskej Bystrici | ||
| 856 | 4 | 1 | |u https://www7.statistics.sk |
| 910 | |a snk | ||
| 916 | |a 1991-2014, 2015-2018, 2019-2020 | ||
| 999 | |c 4791 |d 6721 | ||
| 952 | |t č. 1-4 |a SNK |b SNK |y PREZ |7 0 |p 17A0217221 |o snkČSC 3138/1992 D1 |0 0 |1 0 |4 0 |d 1999-11-04 |l 0 |r 2005-01-02 00:00:00 |w 2026-02-21 | ||
| 952 | |t č. 1-4 |a SNK |b SNK |y PREZ |7 0 |p 17A1556716 |o snkČSC 3138/32/2022 D1 |i snk2025/9290 |8 0 |0 0 |1 0 |4 0 |d 2025-06-11 |l 0 |r 2026-02-21 19:49:11 |w 2026-02-21 | ||
| 952 | |t č. 1-4 |a SNK |b SNK |y PREZ |7 0 |p 17A1465881 |o snkČSC 3138/31/2021 D1 |i snk2023/6446 |8 0 |0 0 |1 0 |4 0 |d 2023-04-20 |l 0 |r 2026-02-21 19:49:30 |w 2026-02-21 | ||
| 952 | |t č. 1-4 |a SNK |b SNK |y PREZ |7 0 |p 17A1434208 |o snkČSC 3138/29/2019 |i snk2021/6156 |8 0 |f 1 |0 0 |1 0 |4 0 |d 2021-06-02 |l 0 |r 2026-02-21 19:59:36 |w 2026-02-21 | ||
| 952 | |t č. 1-4 |a SNK |b SNK |y PREZ |7 0 |p 17A1434209 |o snkČSC 3138/30/2020 |i snk2021/6158 |8 0 |f 1 |0 0 |1 0 |4 0 |d 2021-06-02 |l 0 |r 2026-02-21 19:59:36 |w 2026-02-21 | ||
| 952 | |t č. 1-4 |a SNK |b SNK |y PREZ |7 0 |p 17A0452262 |o snkČSC 3138/6/1996 |i snkČSP 512/98 |f 1 |3 rekatalogizácia |0 0 |1 0 |4 0 |d 2005-01-18 |l 0 |r 2026-02-21 20:06:50 |w 2026-02-21 | ||
| 952 | |t č. 1-4 |a SNK |b SNK |y PREZ |7 0 |p 17A1519965 |o snkČSC 3138/31/2021 |i snk2023/4611 |8 0 |0 0 |1 0 |4 0 |d 2023-03-16 |l 0 |r 2026-02-21 20:10:05 |w 2026-02-21 | ||
| 952 | |t č. 1-4 |a SNK |b SNK |y PREZ |7 0 |p 17A1519966 |o snkČSC 3138/32/2022 |i snk2023/4612 |8 0 |0 0 |1 0 |4 0 |d 2023-03-16 |l 0 |r 2026-02-21 20:10:05 |w 2026-02-21 | ||
| 952 | |t č. 1-4 |a SNK |b SNK |y PREZ |7 0 |p 17A1519840 |o snkČSC 3138/28/2018 D1 |i snk2023/3791 |8 0 |0 0 |1 0 |4 0 |d 2023-03-06 |l 0 |r 2026-02-21 20:12:17 |w 2026-02-21 | ||
| 952 | |t č. 1-4 |a SNK |b SNK |y PREZ |7 0 |p 17A1519841 |o snkČSC 3138/29/2019 D1 |i snk2023/3793 |8 0 |0 0 |1 0 |4 0 |d 2023-03-06 |l 0 |r 2026-02-21 20:12:17 |w 2026-02-21 | ||
| 952 | |t č. 1-4 |a SNK |b SNK |y PREZ |7 0 |p 17A1519842 |o snkČSC 3138/30/2020 D1 |i snk2023/3795 |8 0 |0 0 |1 0 |4 0 |d 2023-03-06 |l 0 |r 2026-02-21 20:12:17 |w 2026-02-21 | ||
| 952 | |t č. 1-4 |a SNK |b SNK |y PREZ |7 0 |p 17A0870899 |o snkČSC 3138/22/2012 D1 |i snk2015/92 |8 0 |0 0 |1 0 |4 0 |d 2015-01-07 |l 0 |r 2026-02-21 20:42:54 |w 2026-02-21 | ||
| 952 | |t č. 1-4 |a SNK |b SNK |y PREZ |7 0 |p 17A0262597 |o snkČSC 3138/8/1998 D1 |0 0 |1 0 |4 0 |d 2000-12-14 |l 0 |r 2005-01-02 00:00:00 |w 2026-02-21 | ||
| 952 | |t č. 1-4 |a SNK |b SNK |y PREZ |7 0 |p 17A0321414 |o snkČSC 3138/8/1998 |i snkČSP 1397/2001 |f 1 |0 0 |1 0 |4 0 |d 2001-11-10 |l 0 |r 2005-01-02 00:00:00 |w 2026-02-21 | ||
| 952 | |t č. 0-4 |a SNK |b SNK |y PREZ |7 0 |p 17A0143303 |o snkČSC 3138/1991 |i snkČSP 2110/93 |f 1 |0 0 |1 0 |4 0 |d 1998-06-17 |l 0 |r 2005-01-02 00:00:00 |w 2026-02-21 | ||
| 952 | |t č. 0-4 |a SNK |b SNK |y PREZ |7 0 |p 17A0157362 |o snkČSC 3138/1991 D1 |0 0 |1 0 |4 0 |d 1998-09-02 |l 0 |r 2005-01-02 00:00:00 |w 2026-02-21 | ||
| 952 | |t č. 1-4 |a SNK |b SNK |y PREZ |7 0 |p 17A0358407 |o snkČSC 3138/1992 |i snkČSP 2956/94 |f 1 |0 0 |1 0 |4 0 |d 2002-09-30 |l 0 |r 2005-01-02 00:00:00 |w 2026-02-21 | ||
| 952 | |t č. 1-4 |a SNK |b SNK |y PREZ |7 0 |p 17A0400277 |o snkČSC 3138/9/1999 |i snkČSP 993/2003 |f 1 |0 0 |1 0 |4 0 |d 2003-10-09 |l 0 |r 2005-01-02 00:00:00 |w 2026-02-21 | ||
| 952 | |t č. 1-4 |a SNK |b SNK |y PREZ |7 0 |p 17A0427050 |o snkČSC 3138/9/1999 D1 |i snkČSP 994/2003 |0 0 |1 0 |4 0 |d 2004-04-26 |l 0 |r 2005-01-02 00:00:00 |w 2026-02-21 | ||
| 952 | |t č. 1-4 |a SNK |b SNK |y PREZ |7 0 |p 17A0433608 |o snkČSC 3138/11/2001 D1 |i snkČSP 992/2003 |0 0 |1 0 |4 0 |d 2004-06-23 |l 0 |r 2005-01-02 00:00:00 |w 2026-02-21 | ||
| 952 | |t č. 1-4 |a SNK |b SNK |y PREZ |7 0 |p 17A0159102 |o snkČSC 3138/3/1993 D1 |0 0 |1 0 |4 0 |d 1998-09-17 |l 0 |r 2005-01-02 00:00:00 |w 2026-02-21 | ||
| 952 | |t č. 1-4 |a SNK |b SNK |y PREZ |7 0 |p 17A0184927 |o snkČSC 3138/3/1993 |i snkČSP 1832/97 |f 1 |0 0 |1 0 |4 0 |d 1999-03-13 |l 0 |r 2005-01-02 00:00:00 |w 2026-02-21 | ||
| 952 | |t č. 1-4 |a SNK |b SNK |y PREZ |7 0 |p 17A0454966 |o snkČSC 3138/7/1997 |i snkČSP 1395/2000 |f 1 |3 rekatalogizácia |0 0 |1 0 |4 0 |d 2005-01-18 |l 0 |r 2026-02-21 21:10:26 |w 2026-02-21 | ||
| 952 | |t č. 1-4 |a SNK |b SNK |y PREZ |7 0 |p 17A0162156 |o snkČSC 3138/4/1994 D1 |0 0 |1 0 |4 0 |d 1998-09-22 |l 0 |r 2005-01-02 00:00:00 |w 2026-02-21 | ||
| 952 | |t č. 1-4 |a SNK |b SNK |y PREZ |7 0 |p 17A0166476 |o snkČSC 3138/5/1995 D1 |0 0 |1 0 |4 0 |d 1998-10-27 |l 0 |r 2005-01-02 00:00:00 |w 2026-02-21 | ||
| 952 | |t č. 1-4 |a SNK |b SNK |y PREZ |7 0 |p 17A0184926 |o snkČSC 3138/5/1995 |i snkČSP 1836/97 |f 1 |0 0 |1 0 |4 0 |d 1999-03-13 |l 0 |r 2005-01-02 00:00:00 |w 2026-02-21 | ||
| 952 | |t č. 1-4 |a SNK |b SNK |y PREZ |7 0 |p 17A0556843 |o snkČSC 3138/10/2000 |i snk2007/23973 |8 0 |f 1 |0 0 |1 0 |4 0 |d 2007-11-07 |l 0 |r 2026-02-21 21:22:46 |w 2026-02-21 | ||
| 952 | |t č. 1-4, neúpl. |a SNK |b SNK |y PREZ |7 0 |p 17A0534756 |o snkČSC 3138/10/2000 D1 |i snk2007/23976 |8 0 |z Chýba č. 3. Obsah je v č. 4. |0 0 |1 0 |4 0 |d 2007-11-07 |l 0 |r 2026-02-21 21:22:46 |w 2026-02-21 | ||
| 952 | |t č. 1-4 |a SNK |b SNK |y PREZ |7 0 |p 17A0556844 |o snkČSC 3138/12/2002 |i snk2007/23980 |8 0 |f 1 |0 0 |1 0 |4 0 |d 2007-11-07 |l 0 |r 2026-02-21 21:22:46 |w 2026-02-21 | ||
| 952 | |t č. 1-4 |a SNK |b SNK |y PREZ |7 0 |p 17A0556845 |o snkČSC 3138/12/2002 D1 |i snk2007/23982 |8 0 |0 0 |1 0 |4 0 |d 2007-11-07 |l 0 |r 2026-02-21 21:22:48 |w 2026-02-21 | ||
| 952 | |t č. 1-4 |a SNK |b SNK |y PREZ |7 0 |p 17A0556846 |o snkČSC 3138/13/2003 |i snk2007/23983 |8 0 |f 1 |0 0 |1 0 |4 0 |d 2007-11-07 |l 0 |r 2026-02-21 21:22:48 |w 2026-02-21 | ||
| 952 | |t č. 1-4 |a SNK |b SNK |y PREZ |7 0 |p 17A0556847 |o snkČSC 3138/13/2003 D1 |i snk2007/23985 |8 0 |0 0 |1 0 |4 0 |d 2007-11-07 |l 0 |r 2026-02-21 21:22:48 |w 2026-02-21 | ||
| 952 | |t č. 1-4 |a SNK |b SNK |y PREZ |7 0 |p 17A0556848 |o snkČSC 3138/14/2004 |i snk2007/23986 |8 0 |f 1 |0 0 |1 0 |4 0 |d 2007-11-07 |l 0 |r 2026-02-21 21:22:48 |w 2026-02-21 | ||
| 952 | |t č. 1-4 |a SNK |b SNK |y PREZ |7 0 |p 17A0556849 |o snkČSC 3138/14/2004 D1 |i snk2007/23987 |8 0 |0 0 |1 0 |4 0 |d 2007-11-07 |l 0 |r 2026-02-21 21:22:48 |w 2026-02-21 | ||
| 952 | |t č. 1-4 |a SNK |b SNK |y PREZ |7 0 |p 17A0556850 |o snkČSC 3138/15/2005 |i snk2007/23988 |8 0 |f 1 |0 0 |1 0 |4 0 |d 2007-11-07 |l 0 |r 2026-02-21 21:22:48 |w 2026-02-21 | ||
| 952 | |t č. 1-4 |a SNK |b SNK |y PREZ |7 0 |p 17A0556851 |o snkČSC 3138/15/2005 D1 |i snk2007/23989 |8 0 |0 0 |1 0 |4 0 |d 2007-11-07 |l 0 |r 2026-02-21 21:22:48 |w 2026-02-21 | ||
| 952 | |t č. 1-4 |a SNK |b SNK |y PREZ |7 0 |p 17A1085959 |o snkČSC 3138/16/2006 |i snk2013/23585 |8 0 |f 1 |0 0 |1 0 |4 0 |d 2013-10-03 |l 0 |r 2026-02-21 21:24:36 |w 2026-02-21 | ||
| 952 | |t č. 1-4 |a SNK |b SNK |y PREZ |7 0 |p 17A1085960 |o snkČSC 3138/16/2006 D1 |i snk2013/23591 |8 0 |0 0 |1 0 |4 0 |d 2013-10-03 |l 0 |r 2026-02-21 21:24:36 |w 2026-02-21 | ||
| 952 | |t č. 1-4 |a SNK |b SNK |y PREZ |7 0 |p 17A1085961 |o snkČSC 3138/17/2007 |i snk2013/23607 |8 0 |f 1 |0 0 |1 0 |4 0 |d 2013-10-03 |l 0 |r 2026-02-21 21:24:38 |w 2026-02-21 | ||
| 952 | |t č. 1-4 |a SNK |b SNK |y PREZ |7 0 |p 17A1085962 |o snkČSC 3138/17/2007 D1 |i snk2013/23610 |8 0 |0 0 |1 0 |4 0 |d 2013-10-03 |l 0 |r 2026-02-21 21:24:40 |w 2026-02-21 | ||
| 952 | |t č. 1-4 |a SNK |b SNK |y PREZ |7 0 |p 17A1085963 |o snkČSC 3138/18/2008 |i snk2013/23613 |8 0 |f 1 |0 0 |1 0 |4 0 |d 2013-10-03 |l 0 |r 2026-02-21 21:24:40 |w 2026-02-21 | ||
| 952 | |t č. 1-4 |a SNK |b SNK |y PREZ |7 0 |p 17A1085964 |o snkČSC 3138/18/2008 D1 |i snk2013/23615 |8 0 |0 0 |1 0 |4 0 |d 2013-10-03 |l 0 |r 2026-02-21 21:24:40 |w 2026-02-21 | ||
| 952 | |t č. 1-4 |a SNK |b SNK |y PREZ |7 0 |p 17A1085965 |o snkČSC 3138/19/2009 |i snk2013/23616 |8 0 |f 1 |0 0 |1 0 |4 0 |d 2013-10-03 |l 0 |r 2026-02-21 21:24:41 |w 2026-02-21 | ||
| 952 | |t č. 1-4 |a SNK |b SNK |y PREZ |7 0 |p 17A1085966 |o snkČSC 3138/19/2009 D1 |i snk2013/23617 |8 0 |0 0 |1 0 |4 0 |d 2013-10-03 |l 0 |r 2026-02-21 21:24:41 |w 2026-02-21 | ||
| 952 | |t č. 1-4 + mim. č. |a SNK |b SNK |y PREZ |7 0 |p 17A1085967 |o snkČSC 3138/20/2010 |i snk2013/23618 |8 0 |f 1 |0 0 |1 0 |4 0 |d 2013-10-03 |l 0 |r 2026-02-21 21:24:41 |w 2026-02-21 | ||
| 952 | |t č. 1-4 + mim. č. |a SNK |b SNK |y PREZ |7 0 |p 17A1085968 |o snkČSC 3138/20/2010 D1 |i snk2013/23619 |8 0 |0 0 |1 0 |4 0 |d 2013-10-03 |l 0 |r 2026-02-21 21:24:41 |w 2026-02-21 | ||
| 952 | |t č. 1-4 |a SNK |b SNK |y PREZ |7 0 |p 17A1085969 |o snkČSC 3138/21/2011 |i snk2013/23620 |8 0 |f 1 |0 0 |1 0 |4 0 |d 2013-10-03 |l 0 |r 2026-02-21 21:24:41 |w 2026-02-21 | ||
| 952 | |t č. 1-4 |a SNK |b SNK |y PREZ |7 0 |p 17A1085970 |o snkČSC 3138/21/2011 D1 |i snk2013/23621 |8 0 |0 0 |1 0 |4 0 |d 2013-10-03 |l 0 |r 2026-02-21 21:24:41 |w 2026-02-21 | ||
| 952 | |t č. 1-4 |a SNK |b SNK |y PREZ |7 0 |p 17A1085971 |o snkČSC 3138/22/2012 |i snk2013/23622 |8 0 |f 1 |0 0 |1 0 |4 0 |d 2013-10-03 |l 0 |r 2026-02-21 21:24:41 |w 2026-02-21 | ||
| 952 | |t č. 1-4 |a SNK |b SNK |y PREZ |7 0 |p 17A0186051 |o snkČSC 3138/6/1996/D1 |0 0 |1 0 |4 0 |d 1999-03-15 |l 0 |r 2005-01-02 00:00:00 |w 2026-02-21 | ||
| 952 | |t č. 1-4 |a SNK |b SNK |y PREZ |7 0 |p 17A0369556 |o snkČSC 3138/7/1997 D1 |0 0 |1 0 |4 0 |d 2002-12-12 |l 0 |r 2005-01-02 00:00:00 |w 2026-02-21 | ||
| 952 | |t č. 1-4 |a SNK |b SNK |y PREZ |7 0 |p 17A1086126 |o snkČSC 3138/11/2001 |i snkČSP 991/2003 |f 1 |0 0 |1 0 |4 0 |d 2013-10-11 |l 0 |r 2026-02-21 21:32:24 |w 2026-02-21 | ||
| 952 | |t č. 1-4 |a SNK |b SNK |y PREZ |7 0 |p 17A1086127 |o snkČSC 3138/4/1994 |i snkČSP 1834/97 |f 1 |0 0 |1 0 |4 0 |d 2013-10-11 |l 0 |r 2026-02-21 21:32:24 |w 2026-02-21 | ||
| 952 | |t č. 1-4 |a SNK |b SNK |y PREZ |7 0 |p 17A1144815 |o snkČSC 3138/23/2013 |i snk2015/19134 |8 0 |f 1 |0 0 |1 0 |4 0 |d 2015-06-19 |l 0 |r 2026-02-21 21:46:17 |w 2026-02-21 | ||
| 952 | |t č. 1-4 |a SNK |b SNK |y PREZ |7 0 |p 17A1144814 |o snkČSC 3138/23/2013 D1 |i snk2015/19135 |8 0 |0 0 |1 0 |4 0 |d 2015-06-19 |l 0 |r 2026-02-21 21:46:17 |w 2026-02-21 | ||
| 952 | |t č. 1-4 |a SNK |b SNK |y PREZ |7 0 |p 17A1144813 |o snkČSC 3138/24/2014 |i snk2015/19136 |8 0 |f 1 |0 0 |1 0 |4 0 |d 2015-06-19 |l 0 |r 2026-02-21 21:46:23 |w 2026-02-21 | ||
| 952 | |t č. 1-4 |a SNK |b SNK |y PREZ |7 0 |p 17A0679686 |o snkČSC 3138/25/2015 D1 |i snk2017/19207 |8 0 |0 0 |1 0 |4 0 |d 2017-09-05 |l 0 |r 2026-02-21 21:48:50 |w 2026-02-21 | ||
| 952 | |t č. 1-4 |a SNK |b SNK |y PREZ |7 0 |p 17A0679687 |o snkČSC 3138/26/2016 |i snk2017/19209 |8 0 |f 1 |0 0 |1 0 |4 0 |d 2017-09-05 |l 0 |r 2026-02-21 21:48:50 |w 2026-02-21 | ||
| 952 | |t č. 1-4 |a SNK |b SNK |y PREZ |7 0 |p 17A1046357 |o snkČSC 3138/24/2014 D1 |i snk2016/17291 |8 0 |0 0 |1 0 |4 0 |d 2016-07-15 |l 0 |r 2026-02-21 21:54:15 |w 2026-02-21 | ||
| 952 | |t č. 1-4 |a SNK |b SNK |y PREZ |7 0 |p 17A1046356 |o snkČSC 3138/25/2015 |i snk2016/17292 |8 0 |f 1 |0 0 |1 0 |4 0 |d 2016-07-15 |l 0 |r 2026-02-21 21:54:15 |w 2026-02-21 | ||
| 952 | |t č. 1-4 |a SNK |b SNK |y PREZ |7 0 |p 17A1369624 |o snkČSC 3138/26/2016 D1 |i snk2019/21245 |8 0 |0 0 |1 0 |4 0 |d 2019-08-21 |l 0 |r 2026-02-21 22:29:00 |w 2026-02-21 | ||
| 952 | |t č. 1-4 |a SNK |b SNK |y PREZ |7 0 |p 17A1369625 |o snkČSC 3138/27/2017 |i snk2019/21247 |8 0 |f 1 |0 0 |1 0 |4 0 |d 2019-08-21 |l 0 |r 2026-02-21 22:29:01 |w 2026-02-21 | ||
| 952 | |t č. 1-4 |a SNK |b SNK |y PREZ |7 0 |p 17A1370491 |o snkČSC 3138/27/2017 D1 |i snk2019/21248 |8 0 |0 0 |1 0 |4 0 |d 2019-08-21 |l 0 |r 2026-02-21 22:29:01 |w 2026-02-21 | ||
| 952 | |t č. 1-4 |a SNK |b SNK |y PREZ |7 0 |p 17A1370492 |o snkČSC 3138/28/2018 |i snk2019/21249 |8 0 |f 1 |0 0 |1 0 |4 0 |d 2019-08-21 |l 0 |r 2026-02-21 22:29:01 |w 2026-02-21 | ||


